000 00686nam a2200193 a 4500
008 120416s1963 ||||||||||||||||| || u
020 _a0675099528
050 _aQD 73 Mel
100 _aMeloan, Clifton E
245 1 0 _aProblems and experiments in instrumental analysis
260 _aColumbus, Ohio
_bCharles E. Merrill
_c1963
300 _axiv, 320p. : ill.
350 _a0.00
650 0 _aCHEMISTRY--HANDBOOKS, MANUALS, ETC
650 0 _aCHEMISTRY,ANALYSIS
650 0 _aANALYTICAL CHEMISTRY
650 _aCHEMISTRY--EXPERIMENTS
995 _D0.00
_FCBU-MAIN LIBRARY (Kitwe)
_H1
_I3.50
_M1
_UDAMAGED
_ZMain Library Open Access Collection
999 _c54772
_d54772